| 000 | 00784nam a22002055i 4500 | ||
|---|---|---|---|
| 001 | 156693 | ||
| 003 | ES-MaACL | ||
| 005 | 20251015063139.0 | ||
| 008 | 040804s1860 fr a |||| | fre d | ||
| 040 |
_aCAM _bspa _cCAM |
||
| 080 | _a821.133.1-84"16" | ||
| 100 | 1 |
_aLa Bruyère, Jean de, _d1645-1696 _969137 |
|
| 245 | 1 | 0 |
_aCaractères de La Bruyere, suivis des Caractères de Théophraste / _ctraduits du grec par La Bruyère, avec des notes et des additions par Schweighaeuser. |
| 260 |
_aParis : _bLibrairie de Firmin Didot frères, fils et cie, _c1860. |
||
| 300 |
_a528 p., [1] h. de lám. ; _c17 cm. |
||
| 599 | _aLa h. de lám. grab. retrato del autor. | ||
| 700 | 0 | 1 |
_aTeofrasto. _9109716 |
| 852 |
_aES-MaACL _jG-15328 _z-- Enc. hol. |
||
| 999 |
_c156693 _d156693 |
||